000
00309nam a22001337a 4500
041
_a
ENG
100
_a
Coddington .E.A
245
_a
Theory Of Ordinary Differential Equations
260
_a
Delhi
_b
Tata McGraw Hill
_c
1999
300
_a
429
650
_a
Mathes
700
_a
Levinson .N
856
_u
M.Tech
999
_c
1086
_d
1086